[Event "Olympiad Women-45"]
[Site "Budapest"]
[Date "2024.09.22"]
[Round "11.4"]
[White "Lee, Alice"]
[Black "Nurmanova, Alua"]
[Result "1/2-1/2"]
[WhiteElo "2384"]
[BlackElo "2324"]
[PlyCount "162"]
[EventDate "2024.09.11"]
[EventType "team-swiss"]
[EventRounds "11"]
[EventCountry "HUN"]
[SourceTitle "EXT 2025"]
[Source "ChessBase"]
[SourceDate "2024.10.14"]
[SourceVersion "1"]
[SourceVersionDate "2024.10.14"]
[SourceQuality "1"]
[WhiteTeam "United States (W)"]
[BlackTeam "Kazakhstan (W)"]
[WhiteTeamCountry "USA"]
[BlackTeamCountry "KAZ"]

1. d4 d5 2. c4 e6 3. Nf3 Nf6 4. Nc3 Be7 5. Bg5 0-0 6. e3 Nbd7 7. cxd5 exd5 8. Bd3 c6 9. Qc2 Re8 10. 0-0 h6 11. Bh4 Ne4 12. Bxe7 Qxe7 13. b4 Ndf6 14. b5 c5 15. dxc5 Nxc5 16. Be2 Be6 17. Qb2 Rac8 18. Rfc1 Nfe4 19. Qa3 Nxf2 20. Na4 Nxa4 21. Qxa4 Ng4 22. Qxa7 Bf5 23. Bf1 Qxe3+ 24. Qxe3 Nxe3 25. a4 Rxc1 26. Rxc1 Ra8 27. Nd4 Be4 28. Ra1 b6 29. a5 bxa5 30. Nc6 Nc4 31. Bxc4 dxc4 32. Ra4 Bxc6 33. bxc6 Rc8 34. Rxc4 a4 35. Rxa4 Rxc6 36. h3 Rc2 37. Kh2 g6 38. Rb4 Kg7 39. Ra4 Re2 40. Kg3 Rd2 41. Kf3 Rc2 42. Rb4 Rc3+ 43. Kf2 g5 44. h4 Kg6 45. Rb6+ f6 46. hxg5 hxg5 47. g4 Rc7 48. Kf3 Kf7 49. Ra6 Rc3+ 50. Kf2 Rd3 51. Ke2 Rd4 52. Kf3 Ke7 53. Ra3 Kd6 54. Ra6+ Ke5 55. Ra5+ Rd5 56. Ra3 Rd1 57. Re3+ Kd4 58. Re6 Rf1+ 59. Kg3 Rf4 60. Ra6 Ke5 61. Ra5+ Ke6 62. Ra6+ Kf7 63. Ra7+ Kg6 64. Rb7 Re4 65. Kf3 Re6 66. Ra7 Rb6 67. Rc7 Rb3+ 68. Kf2 Rb8 69. Ra7 Rf8 70. Kg3 Rf7 71. Rxf7 Kxf7 72. Kf3 Kf8 73. Kf2 Ke8 74. Ke2 Kd7 75. Kd3 Kd6 76. Kd4 Kc6 77. Kc4 Kd7 78. Kd3 Ke8 79. Ke2 Ke7 80. Ke3 Ke6 81. Ke4 Kd7 1/2-1/2

[Event "Olympiad Women-45"]
[Site "Budapest"]
[Date "2024.09.19"]
[Round "8.3"]
[White "Omonova, Umida"]
[Black "Lee, Alice"]
[Result "0-1"]
[WhiteElo "2032"]
[BlackElo "2384"]
[PlyCount "114"]
[EventDate "2024.09.11"]
[EventType "team-swiss"]
[EventRounds "11"]
[EventCountry "HUN"]
[SourceTitle "EXT 2025"]
[Source "ChessBase"]
[SourceDate "2024.10.14"]
[SourceVersion "1"]
[SourceVersionDate "2024.10.14"]
[SourceQuality "1"]
[WhiteTeam "Uzbekistan (W)"]
[BlackTeam "United States (W)"]
[WhiteTeamCountry "UZB"]
[BlackTeamCountry "USA"]

1. e4 c5 2. Nf3 Nc6 3. Bb5 e6 4. 0-0 Nge7 5. Re1 b6 6. c3 a6 7. Be2 d5 8. exd5 Nxd5 9. d4 Nf6 10. Ne5 Bb7 11. Bf3 Rc8 12. Qe2 Bd6 13. Nxc6 Bxc6 14. Bxc6+ Rxc6 15. Qf3 Rc7 16. dxc5 Bxc5 17. Bg5 Qd5 18. Qxd5 Nxd5 19. Nd2 f6 20. Bh4 Kf7 21. Rad1 Rd8 22. Nf3 Be7 23. Bg3 e5 24. Rd2 Ke8 25. Red1 Rcd7 26. Kf1 b5 27. Ke2 g5 28. Ne1 h5 29. h3 h4 30. Bh2 Kf7 31. Nc2 Ke6 32. Ke1 Bc5 33. Re2 Kf5 34. Red2 Nb6 35. Rxd7 Rxd7 36. Rc1 Na4 37. b4 Bb6 38. Na3 Rc7 39. Nb1 Ke6 40. Bg1 Nb2 41. Ke2 Rd7 42. g3 Nc4 43. gxh4 gxh4 44. Rf1 e4 45. Re1 f5 46. f3 e3 47. Bh2 Rg7 48. Kf1 f4 49. Bxf4 Rf7 50. Bg5 Rxf3+ 51. Ke2 Rxh3 52. Bf4 Ne5 53. Rf1 Ng6 54. Bg5 Rh2+ 55. Kd3 e2 56. Rf6+ Ke5 57. Kd2 Be3+ 0-1